000 01117nam a2200265Ia 4500
003 OSt
005 20220923211149.0
006 a|||||r|||| 00| 0
007 ta
008 220922b |||||||| |||| 00| 0 hin d
020 _a8187524596 (hb)
024 _a230,874
037 _cTextual
040 _aARTS
_cARTS
_bhin
041 _2hin
_ahin
082 _aO111,3M88x, 152P4
100 _aमंजरी, मीनू, अनु.
_9156266
245 0 _aएक संसार मन के पार
_b मानव जीवन की महान चितेरी कैथरीन मैंसफील्ड की श्रेष्ठ कहानियां
246 _aEk sansār hin ke pāra: mānav jīvan kī hinān chiterī kaitharīn maiansafīlḍa kī shreṣhṭha kahāniyāan
260 _aमुंबई
_b संवाद प्रकाशन
_c2004
300 _a136पृ.
_ccm.
650 _aअंग्रेजी कहानी
_9158967
942 _hO111,3M88x, 152P4
_cTEXL
_2CC
999 _c296174
_d296174